| 000 | 00406nam a22001457a 4500 | ||
|---|---|---|---|
| 003 | URS | ||
| 005 | 20250516015722.0 | ||
| 008 | 250516b |||||||| |||| 00| 0 eng d | ||
| 040 | _cURS | ||
| 100 | 1 |
_aAromas, Ava May. _eauthor |
|
| 245 | 1 | 0 |
_aGrowing start-ups / _cAva May Aromas. |
| 300 |
_apages 12 - 14 ; _c28 cm |
||
| 773 | 0 |
_082824 _975352 _oPIL-13541110-29-2 _tBusiness review _x13541110 |
|
| 942 |
_2ddc _cCR |
||
| 999 |
_c82934 _d82933 |
||